Score 0/20 Timer 04:00
3 Plays Today
% Correct
Gulliver's
98.4%
Groundhog
98.2%
Guess
97.8%
Green
97.5%
Ghost
97.5%
Great
96.9%
Gentleman's
96.8%
Grown
96.6%
Gran
96.4%
Get
96.1%
% Correct
Gone
96%
Gung
94.5%
Galaxy
93.8%
Girl,
92.2%
Garden
90.3%
Gosford
90.2%
Ginger
89.7%
Glory
88.5%
Grudge
88%
Gridiron
81.1%
Remove Ads.
Support Sporcle.
Get the best of Sporcle when you Go Orange. This ad-free experience offers more features, more stats, and more fun while also helping to support Sporcle. Thank you for becoming a member.

You're not logged in!

Compare scores with friends on all Sporcle quizzes.
OR
Log In

Show Comments

Extras

Top Quizzes Today


Score Distribution

Your Account Isn't Verified!

In order to create a playlist on Sporcle, you need to verify the email address you used during registration. Go to your Sporcle Settings to finish the process.

Report this User

Report this user for behavior that violates our Community Guidelines.

Details: